000 00731nam a2200277Ia 4500
003 OSt
005 20220925210151.0
006 a|||||r|||| 00| 0
007 ta
008 220923b |||||||| |||| 00| 0 eng d
020 _a0256033706
037 _cGeneral Book
040 _aRTL
_cRTL
_beng
041 _2eng
_aeng
082 _aX:51, M2;M7
100 _aCravens David W
_9270689
245 0 _aStrategic marketing
250 _a2
260 _aIllinois
_bIrwin
_c1987
300 _axvii,629p
_ccm.
490 _aIrwin Series in Marketing
500 _aBibliography chapterwise
650 _aMarketing
_915998
942 _hX:51, M2;M7
_cGB
_2CC
999 _c554273
_d554273